| 000 | 00757nam a2200193Ia 4500 | ||
|---|---|---|---|
| 008 | 0000001982 sp a 0000000000spa00 | ||
| 090 | _aPSP00 S15p | ||
| 100 | 1 | _aSantos Torroella, Rafael | |
| 245 | 1 | 0 |
_aPintura abstracta española 19601970 _c/ texto Rafael Santos Torroella |
| 300 |
_a[40] p. _c/ 22 cm. |
||
| 500 | _aExposición realizada en la Fundación Juan March, Madrid, Mayo 28 Julio 11, 1982 \ Con el patronazgo del maestro venezolano Jesús Rafael Soto (q.e.p.d.) \ | ||
| 650 | 1 | 4 | _aARTE CONTEMPORANEO ESPAÑOL |
| 650 | 1 | 4 | _xCATALOGOS |
| 650 | 1 | 4 | _xEXPOSICIONES |
| 650 | 1 | 4 | _aPINTORES ESPAÑOLES |
| 650 | 1 | 4 | _aPINTURA ABSTRACTA ESPAÑOLA |
| 650 | 1 | 4 | _aPINTURA ESPAÑOLA |
| 999 |
_c7391 _d7391 |
||
| 260 |
_aMadrid : Fundación Juan March _c1982 |
||